000
00214nam a2200097Ia 4500
008
240331s9999 xx 000 0 und d
082
_b
CAR
100
_a
Carey, G
245
4
_a
The sun also rises :
_b
notes
942
_c
L
999
_c
3137
_d
3137